00472nam a2200085Ia 4500008004100000245002200041300025300063650001600316856005400332170517s9999 xx 000 0 und d aHepatitis Country aThe current opioid crisis has proven devastating to users, families and entire communities. It's also given rise to acute cases of Hepatitis C, a potentially deadly infection whose rate of occurrence has nearly doubled in the United States since... xTechnology. uhttp://topdocumentaryfilms.com/hepatitis-country/